| 000 | 00973nas a2200301 4500 | ||
|---|---|---|---|
| 001 | BR0707080 | ||
| 003 | BR-BrBNA | ||
| 005 | 20231205111345.0 | ||
| 007 | ta | ||
| 008 | 230509b bl.|||p| |||| 00| 00por d | ||
| 040 |
_aBR-BrBNA _bpor _cBiblioteca Nacional de Agricultura |
||
| 041 | _a(Pt) | ||
| 072 | _aL40 | ||
| 100 | 1 | _aSouza, J.R. | |
| 100 | 1 | _aMachado, G.V. | |
| 100 | 1 | _aBirck, A.J. | |
| 100 | 1 | _aOliveira, F.C. | |
| 100 | 1 | _aOstroski, L. | |
| 111 | 1 |
_a8. Jornada de Medicina Veterinária da UNIPAR _cUmuarama, PR _d01-04 Sep 2003 |
|
| 245 | 1 | _aDivisão e distribuição intraparenquimal da veia porta hepática no Nutria (Myocastor coypus) | |
| 650 | _aMYOCASTOR COYPYS | ||
| 650 | _aFÍGADO | ||
| 650 | _aVEIAS | ||
| 650 | _aANATOMIA | ||
| 773 | 0 |
_tArquivos de Ciências Veterinárias e Zoologia da UNIPAR (Brazil) _xISSN 1415-8167 _g(Jul-Dec 2003), v. 6(2) p. 167 _wBR0707080 |
|
| 909 |
_a202311 _bLúcia _c55 _dLúcia Elande |
||
| 942 |
_2AGRIS _n0 _cANA |
||
| 999 |
_c192237 _d192237 |
||